000 00621nam a2200229Ia 4500
003 OSt
005 20220923222058.0
006 a|||||r|||| 00| 0
007 ta
008 220922b |||||||| |||| 00| 0 hin d
024 _a202,905
037 _cTextual
040 _aARTS
_cARTS
_bhin
041 _2hin
_ahin
082 _aO157:3N12:1, 152K8
100 _aमित्र विमल
245 0 _aकगार और फिसलन
246 _aKagār aur fisalana
260 _c1972
942 _hO157:3N12:1, 152K8
_cTEXL
_2CC
999 _c353706
_d353706